L'apparation du livre / (Record no. 61931)

MARC details
000 -LEADER
campo de control de longitud fija 00612nam a2200193 i 4500
001 - NÚMERO DE CONTROL
campo de control 61931
003 - IDENTIFICADOR DE NÚMERO DE CONTROL
campo de control ES-MaACL
007 - CAMPO FIJO DE DESCRIPCIÓN FÍSICA--INFORMACIÓN GENERAL
campo de control de longitud fija t|
008 - DATOS DE LONGITUD FIJA--INFORMACIÓN GENERAL
campo de control de longitud fija 031114s1971 fr ||||1| fre d
100 1# - ENTRADA PRINCIPAL--NOMBRE DE PERSONA
Nombre de persona Febvre, Lucien,
Fechas asociadas al nombre 1878-1956
9 (RLIN) 49047
245 12 - MENCIÓN DEL TÍTULO
Título L'apparation du livre /
Mención de responsabilidad, etc. Lucien Febvre et Henri-Jean Martin.
260 ## - PUBLICACIÓN, DISTRIBUCIÓN, ETC.
Lugar de publicación, distribución, etc. [Paris] :
Nombre del editor, distribuidor, etc. Albin Michel,
Fecha de publicación, distribución, etc. [1971]
300 ## - DESCRIPCIÓN FÍSICA
Extensión 538 p. ;
Dimensiones 18 cm.
490 1# - MENCIÓN DE SERIE
Mención de serie L'évolution de l'humanité ;
Designación de volumen o secuencia 30
700 1# - ENTRADA AGREGADA--NOMBRE PERSONAL
Nombre de persona Martin, Henri-Jean.
9 (RLIN) 77306
830 0# - PUNTO DE ACCESO ADICIONAL DE SERIE-TÍTULO UNIFORME
Título uniforme L'évolution de l'humanité ;
Designación de volumen o secuencia 30
9 (RLIN) 181507
852 ## - LOCALIZACIÓN
Ubicación ES-MaACL
Número de control de estantería E-5709
Sublocalización o colección R.89799
Holdings
Estatus retirado Estado de pérdida Estado de daño No para préstamo Biblioteca de origen Biblioteca actual Ubicación en estantería Fecha de adquisición Fuente de adquisición Total de préstamos Signatura topográfica completa Código de barras Visto por última vez Precio de reemplazo Tipo de ítem Koha
        Biblioteca del Ateneo de Madrid Biblioteca del Ateneo de Madrid Depósito 2 17/01/2008     E-5709 1064932 23/02/2023 23/02/2023 Libro impreso